10 Najdroższych piłkarzy Premier League - Statystyki

Ogólne statystyki
  • Ten quiz został rozwiązany 47 razy
  • Średni wynik to 5 z 10
Statystyki odpowiedzi
Wartość (mln €) Piłkarz % Poprawnych
200 Erling Haaland
95%
150 Bukayo Saka
85%
140 Phil Foden
80%
130 Cole Palmer
53%
130 Rodri
50%
110 Declan Rice
45%
110 Martin Odegaard
38%
85 Luis Diaz
30%
80 William Saliba
25%
80 Bruno Guimaraes
0%
Nie znaleziono quizów pasujących do podanych kryteriów
Rozkład punktacji
Procent ludzi z każdym wynikiem
Percentyl według liczby udzielonych odpowiedzi
Twoja historia wyników
Nie rozwiązałeś tego quizu